000 00474nam a2200169 4500
001 118332
003 ES-MaACL
005 20240418063118.0
007 t|
008 070214s1970 sp r ||||1| spa d
100 1 _aPerucho, Joan,
_d1920-2003
_991415
245 1 0 _aRosas, diablos y sonrisas /
_cJoan Perucho.
260 _aBarcelona :
_bTaber,
_c1970.
300 _a276 p. :
_bil. ;
_c20 cm.
852 _aES-MaACL
_jC-40087
_bR.73778
999 _c118332
_d118332